[Event "Portugal Open Rapid 2017"]
[Site "masterchessopen.com Lisbon POR"]
[Date "2017.02.11"]
[Round "5.6"]
[White "Palac,M"]
[Black "Indjic,A"]
[Result "1-0"]
[WhiteElo "2600"]
[BlackElo "2560"]

1.e4 g6 2.d4 Bg7 3.Nc3 d6 4.Be3 a6 5.f4 b5 6.Be2 b4 7.Na4 Bb7 8.Bf3 Nf6 9.e5
Nd5 10.Bd2 Bc6 11.c4 bxc3 12.Nxc3 dxe5 13.Nxd5 Bxd5 14.dxe5 O-O 15.Rc1 e6
16.Ba5 Ra7 17.Bxd5 exd5 18.Nf3 Qd7 19.O-O Nc6 20.Bc3 Rb8 21.Qd2 Rab7 22.e6
Qxe6 23.Bxg7 Kxg7 24.Qc3+ d4 25.Qxc6 Qe3+ 26.Kh1 Rxb2 27.Qxc7 d3 28.Rce1 Qb6
29.Qc3+ Qf6 30.Qxd3 Rxa2 31.Re2 Rxe2 32.Qxe2 Qxf4 33.Qxa6 Kg8 34.Re1 Rd8
35.Qa1 h6 36.h3 Rc8 37.Ne5 Re8 38.Nd7 Rxe1+ 39.Qxe1 Qf5 40.Qe8+ Kh7 41.Kg1
Qb1+ 42.Kh2 Qf5 43.Ne5 Qf4+ 44.Kg1 Qe3+ 45.Kf1 Qc1+ 46.Ke2 Qc2+ 47.Kf3 Qc3+
48.Ke4 Qb4+ 49.Kd5 Qb3+ 50.Kd6 Kg7 51.Nd7 Qb4+ 52.Kc7 Qa5+ 53.Kd6 Qb4+ 54.Kc6
Qa4+ 55.Kc7 Qa8 56.Qxa8 {#r} 1-0

[Event "Portugal Open Rapid 2017"]
[Site "masterchessopen.com Lisbon POR"]
[Date "2017.02.11"]
[Round "5.7"]
[White "Fernandes,Ant"]
[Black "Derakhshani,D"]
[Result "1-0"]
[WhiteElo "2463"]
[BlackElo "2373"]

1.d4 Nf6 2.Bg5 e6 3.e4 c5 4.e5 h6 5.Bc1 Nd5 6.c4 Nc7 7.Nf3 cxd4 8.Qxd4 Nc6
9.Qe4 d5 10.exd6 Bxd6 11.g3 Na6 12.a3 Nc5 13.Qc2 a5 14.Be3 a4 15.Nc3 Qa5
16.Rd1 Be7 17.Bg2 Bf6 18.Bxc5 Qxc5 19.O-O Qxc4 20.Nd2 Qa6 21.Nde4 Bxc3 22.Nd6+
Kf8 23.Qxc3 Qa5 24.Qf3 Ne5 25.Qf4 Ke7 26.Rfe1 f6 27.Qd4 Rd8 28.Rxe5 Qxe5
29.Nf5+ Qxf5 30.Qxd8+ Kf7 31.Rc1 e5 32.Bd5+ Kg6 33.Qe8+ Kg5 34.h4+ Kg4 35.Rc4+
{#r} 1-0

[Event "Portugal Open Rapid 2017"]
[Site "masterchessopen.com Lisbon POR"]
[Date "2017.02.11"]
[Round "5.8"]
[White "Ferreira,P"]
[Black "Alvarez Marquez,J"]
[Result "0-1"]
[WhiteElo "2016"]
[BlackElo "2398"]

1.d4 Nf6 2.Nc3 d5 3.Bf4 e6 4.Nb5 Na6 5.a3 c6 6.Nc3 b6 7.Nf3 Be7 8.Ne5 Bb7 9.e3
Nc7 10.Bd3 O-O 11.O-O c5 12.b3 Rc8 13.Qe2 Nce8 14.Nb5 Ra8 15.a4 a6 16.Na3 Nd7
17.Rfd1 Nef6 18.c4 cxd4 19.exd4 Re8 20.a5 bxa5 21.c5 Nxe5 22.Bxe5 Nd7 23.Bf4
g6 24.Rdc1 Nb8 25.Nc2 Nc6 26.Ra4 Bf6 27.Qd2 Bg7 28.Be2 e5 29.dxe5 Bxe5 30.Bxe5
Rxe5 31.Bf3 Rc8 32.Ne3 Nb4 33.Qd4 Qe7 34.h3 h5 35.Qf4 Nd3 36.Qh6 Nxc1 37.Bxh5
Rxh5 {#R} 0-1

[Event "Portugal Open Rapid 2017"]
[Site "masterchessopen.com Lisbon POR"]
[Date "2017.02.11"]
[Round "5.9"]
[White "Bhawoodien,Mohamed Ozayr"]
[Black "Akshat,Kh"]
[Result "0-1"]
[WhiteElo "2060"]
[BlackElo "2361"]

1.d4 Nf6 2.c4 Nc6 3.Nf3 e6 4.Nc3 Bb4 5.Qc2 O-O 6.Bd2 d6 7.a3 Bxc3 8.Bxc3 Qe7
9.e3 a5 10.Be2 e5 11.dxe5 dxe5 12.Nd2 Re8 13.O-O Bg4 14.Bxg4 Nxg4 15.h3 Nf6
16.b3 Rad8 17.Rfd1 Rd7 18.Nf3 Red8 19.Rxd7 Nxd7 20.Qb2 f6 21.b4 axb4 22.axb4
Qf7 23.b5 Ncb8 24.Qb4 b6 25.Rd1 Rc8 26.Nd2 Nc5 27.Nb3 Nbd7 28.Nxc5 Nxc5 29.Rd5
Ra8 30.Qb1 Qg6 31.Qxg6 hxg6 32.Bb4 Ne6 33.c5 Ra1+ 34.Kh2 Rb1 35.cxb6 cxb6
36.Bd6 Kf7 37.Bb8 Ke7 38.Bd6+ Kf7 39.Bb8 Nc5 40.Ba7 Ke6 41.Rd8 Rxb5 42.Re8+
Kf7 43.Rd8 Rb2 44.f3 Ke7 45.Rg8 Ne6 46.Rb8 b5 47.Bb6 Kd6 48.Ba5 Kd5 49.Rb6 Nc5
50.Rb8 Kc4 51.Rg8 Ra2 52.Be1 Ra7 53.h4 b4 54.Rb8 Rb7 55.Rxb7 Nxb7 56.Bd2 b3
57.Bc1 Nc5 58.Kh3 Nd3 59.Ba3 Kb5 {#R} 0-1

[Event "Portugal Open Rapid 2017"]
[Site "masterchessopen.com Lisbon POR"]
[Date "2017.02.11"]
[Round "5.11"]
[White "Neto,H"]
[Black "Strugnell,C"]
[Result "0-1"]
[WhiteElo "2162"]
[BlackElo "2255"]

1.Nf3 Nf6 2.d4 d5 3.c4 e6 4.Nc3 Bb4 5.cxd5 exd5 6.Bg5 h6 7.Bh4 g5 8.Bg3 Bf5
9.Qa4+ Nc6 10.Ne5 Ne4 11.Nxc6 Bxc3+ 12.bxc3 Qd7 13.e3 bxc6 14.Qa3 Nxg3 15.hxg3
Qd6 16.Qxd6 cxd6 17.c4 Rb8 18.cxd5 cxd5 19.Be2 Rb2 20.Bf3 Be4 21.O-O Bxf3
22.Rfb1 Rb6 23.Rxb6 axb6 24.gxf3 Kd7 25.Rc1 Ra8 26.Rc2 h5 27.Kg2 Ra4 28.Kf1
Rc4 29.Rb2 Kc6 30.Ke2 b5 31.Kd3 Kb6 32.Rb3 Ka5 33.Ra3+ Ra4 34.Rc3 Rxa2 35.Rc7
Rxf2 36.Rxf7 g4 37.f4 Rf3 38.Rf5 Rxg3 39.Rxh5 Rg1 40.Rxd5 Ka4 41.Rxd6 b4 42.f5
g3 43.Ke2 b3 44.Rb6 b2 45.Kf3 b1=Q 46.Rxb1 Rxb1 47.Kxg3 Kb5 48.Kf4 Kc6 49.Ke5
Rb5+ 50.Ke6 Rb8 51.Ke7 Kd5 52.f6 Rb7+ 53.Ke8 {#R} 0-1

[Event "Portugal Open Rapid 2017"]
[Site "masterchessopen.com Lisbon POR"]
[Date "2017.02.11"]
[Round "5.15"]
[White "Rodriguez,Juan Talavera"]
[Black "Santos,JoseAl"]
[Result "1-0"]
[WhiteElo "2007"]
[BlackElo "2193"]

1.e4 e5 2.Nf3 Nc6 3.Bb5 a6 4.Ba4 d6 5.O-O Bd7 6.c3 g6 7.d3 Bg7 8.Bg5 Nge7
9.Re1 h6 10.Bh4 g5 11.Bg3 O-O 12.Nbd2 Ng6 13.d4 Qe8 14.Bc2 Nf4 15.d5 Ne7
16.Bxf4 gxf4 17.Nh4 Ng6 18.Nf5 Kh7 19.Qh5 Qd8 20.Nf3 Rg8 21.h4 Rh8 22.Kh2 Be8
23.Qg4 Bf6 24.Rh1 Ne7 25.Kg1 Bd7 26.Ng5+ Bxg5 27.hxg5 Ng6 28.Rxh6+ Kg8 29.Qh5
Qf8 30.Rxg6+ Qg7 {#r} 1-0

[Event "Portugal Open Rapid 2017"]
[Site "masterchessopen.com Lisbon POR"]
[Date "2017.02.11"]
[Round "5.17"]
[White "Dias,Ricardo Pedro Cruz"]
[Black "Sousa,H"]
[Result "0-1"]
[WhiteElo "2119"]
[BlackElo "2165"]

1.e4 c5 2.Nf3 d6 3.d4 cxd4 4.Nxd4 Nf6 5.Nc3 a6 6.Be3 e5 7.Nb3 Be6 8.f3 Nbd7
9.Qd2 b5 10.g4 Be7 11.O-O-O b4 12.Nd5 Bxd5 13.exd5 Nb6 14.Bxb6 Qxb6 15.Qd3 O-O
16.Nd2 Rfc8 17.Nc4 Qc5 18.Qe3 Nxd5 19.Qxc5 Rxc5 20.Rxd5 Rxd5 21.Nb6 Bg5+ {#R}
0-1

[Event "Portugal Open Rapid 2017"]
[Site "masterchessopen.com Lisbon POR"]
[Date "2017.02.11"]
[Round "5.20"]
[White "Damasceno,J"]
[Black "Leao,Tiago Miguel Da Silva"]
[Result "0-1"]
[WhiteElo "2035"]
[BlackElo "2044"]

1.e4 c5 2.c3 d5 3.exd5 Qxd5 4.d4 Nc6 5.Nf3 Bg4 6.Be2 e6 7.O-O Nf6 8.Na3 a6
9.Re1 Be7 10.c4 Qd8 11.Nc2 O-O 12.Be3 Qc7 13.Qc1 cxd4 14.Ncxd4 Nxd4 15.Nxd4
Bxe2 16.Rxe2 Rac8 17.b3 Rfd8 18.Qe1 Bc5 19.Nf3 Bxe3 20.Rxe3 b5 21.Rc1 Qf4
22.cxb5 axb5 23.g3 Qd6 24.Rec3 Rxc3 25.Qxc3 h6 26.a4 bxa4 27.bxa4 Nd5 28.Qc6
Qxc6 29.Rxc6 Ra8 30.Rc4 Nb6 31.Rc7 Nxa4 32.Ne5 f6 33.Nf3 Nb2 34.Nd4 Re8 35.h4
Nd3 36.h5 Kf8 37.Kf1 Re7 38.Rc8+ Kf7 39.Ke2 Nb4 40.Nb5 Rd7 41.Rc4 Nd5 42.Rc6
Ke7 43.Nd4 Nf4+ 44.gxf4 Rxd4 45.Rc7+ Rd7 46.Rc4 f5 47.Ke3 Kf6 48.Rc1 Ra7
49.Rg1 Ra3+ 50.Ke2 Rh3 51.Rg6+ Kf7 52.Rg1 Rxh5 53.Kf3 Rh3+ 54.Ke2 Kf6 55.Ra1
Rb3 56.Ra7 g5 57.fxg5+ hxg5 58.Kf1 g4 59.Kg2 e5 {#R} 0-1

[Event "Portugal Open Rapid 2017"]
[Site "masterchessopen.com Lisbon POR"]
[Date "2017.02.11"]
[Round "6.2"]
[White "Kovalenko,I"]
[Black "Ozer,Omer Faruk"]
[Result "0-1"]
[WhiteElo "2684"]
[BlackElo "2344"]

1.c4 g6 2.d4 Bg7 3.e4 d6 4.Nc3 Nf6 5.f3 O-O 6.Be3 Nc6 7.Nge2 a6 8.Qd2 Rb8
9.Rc1 Bd7 10.Nd1 Re8 11.Nf2 e6 12.h4 b5 13.c5 Qe7 14.Bg5 Qf8 15.g4 dxc5
16.Rxc5 e5 17.Qc1 Nxd4 18.Nxd4 exd4 19.Be2 Be6 20.b3 Nd7 21.Rxc7 Rbc8 22.O-O
Be5 23.Rxc8 Rxc8 24.Qd2 Bg7 25.Rc1 Rc3 26.Nd1 h6 27.Bf4 Rxc1 28.Qxc1 Qd8 29.g5
hxg5 30.hxg5 Be5 31.Bd2 Qb6 32.Nf2 d3 33.Be3 Bd4 34.Bxd4 Qxd4 35.Bxd3 Nc5
36.Bf1 Bd7 37.Kg2 Ne6 38.f4 Qd6 39.Kg3 Bc6 40.Qe3 Qb8 41.e5 Ng7 42.Bh3 Bd5
43.Bg4 Be6 44.Qc1 {#R} 0-1

[Event "Portugal Open Rapid 2017"]
[Site "masterchessopen.com Lisbon POR"]
[Date "2017.02.11"]
[Round "6.4"]
[White "Annaberdiev,M"]
[Black "Kovalev,Vl"]
[Result "0-1"]
[WhiteElo "2435"]
[BlackElo "2598"]

1.c4 Nf6 2.Nf3 g6 3.g3 Bg7 4.Bg2 O-O 5.O-O d5 6.cxd5 Nxd5 7.Nc3 Nc6 8.Qb3 Nb6
9.d3 Bg4 10.Be3 e5 11.Ne4 Be6 12.Qa3 Nd4 13.Nxd4 exd4 14.Bg5 f6 15.Bd2 Bd5
16.Rac1 h6 17.Bf4 c6 18.Rfe1 g5 19.Bd2 f5 20.Nd6 Qd7 21.Nc4 Bxg2 22.Kxg2 Nd5
23.Qd6 Qe8 24.e4 dxe3 25.Bxe3 Rd8 26.Bc5 Rxd6 27.Rxe8 Rxe8 28.Nxd6 Re2 29.Nxf5
Bxb2 30.Kf1 Bxc1 31.Kxe2 Nc3+ 32.Kf3 b6 33.Bd4 Nxa2 34.Ne7+ Kf7 35.Nxc6 a5
36.Ke2 Ke6 37.Bxb6 Nc3+ 38.Ke1 a4 39.Bd4 Nb5 40.Ba1 g4 41.Kd1 Ba3 42.Ne5 h5
43.Nc4 Bc5 44.Ke2 a3 45.Kd2 Bxf2 46.Kc2 Bg1 47.Kb3 Bxh2 48.Kb4 Nd6 49.Nxa3
Bxg3 50.Nc2 Nf5 51.Kc5 h4 52.d4 Bf2 53.Kc4 h3 54.d5+ Kd6 55.Na3 h2 {#R} 0-1

[Event "Portugal Open Rapid 2017"]
[Site "masterchessopen.com Lisbon POR"]
[Date "2017.02.11"]
[Round "6.5"]
[White "Sousa,H"]
[Black "Gharamian,T"]
[Result "0-1"]
[WhiteElo "2165"]
[BlackElo "2624"]

1.e4 g6 2.d4 Bg7 3.Nc3 a6 4.f4 d5 5.Nxd5 e6 6.Nc3 Qxd4 7.Bd3 Nc6 8.Nf3 Qb6
9.Qe2 Nge7 10.a3 Bd7 11.e5 Nf5 12.g4 Nfd4 13.Nxd4 Nxd4 14.Qf2 Bc6 15.Ne4 O-O-O
16.Be3 Qxb2 17.O-O Bxe4 18.Bxe4 Qc3 19.Rab1 c6 20.Rfd1 Nb5 21.Bb6 Rxd1+
22.Rxd1 Nc7 23.Rd3 Qc4 24.Rd4 Qc3 25.Rd3 Qc4 26.Rd4 Qc3 27.Rd3 Qc4 28.Bg2 Nd5
29.Bxd5 exd5 30.Ba5 Bf8 31.Rc3 Qb5 32.Bb6 Be7 33.Rb3 Qc4 34.h3 h5 35.g5 Re8
36.Kh2 Bf8 37.h4 Qe4 38.Re3 Qf5 39.Rc3 Kd7 40.Qd4 Rc8 41.Rd3 Ke8 42.c4 dxc4
43.Qxc4 Be7 44.Re3 Qe6 45.Qxe6 fxe6 46.Kg3 c5 47.Rc3 Rc6 48.Ba7 b6 49.a4 c4
50.Kf3 b5 51.axb5 axb5 52.Ke4 Bc5 53.Bxc5 Rxc5 54.Ra3 c3 55.Ra1 c2 56.Rc1 b4
57.Kd3 b3 {#R} 0-1

[Event "Portugal Open Rapid 2017"]
[Site "masterchessopen.com Lisbon POR"]
[Date "2017.02.11"]
[Round "6.6"]
[White "Guimaraes,R"]
[Black "Fernandes,Ant"]
[Result "1-0"]
[WhiteElo "2126"]
[BlackElo "2463"]

1.e4 c5 2.Nc3 a6 3.g4 b5 4.Bg2 Bb7 5.d3 Nc6 6.Nge2 e6 7.O-O Nge7 8.f4 d6 9.Ng3
Qd7 10.Be3 Nd4 11.Nce2 Nec6 12.c3 Nxe2+ 13.Qxe2 Be7 14.f5 Rg8 15.d4 h6 16.fxe6
fxe6 17.dxc5 dxc5 18.Rad1 Qc7 19.g5 Bxg5 20.Bxg5 hxg5 21.Qh5+ g6 22.Qxg5 Qe7
23.Qf4 Rd8 24.Rxd8+ Kxd8 25.e5 g5 26.Qe3 Kc8 27.Ne4 Nxe5 28.Nf6 Qd6 29.Bxb7+
Kxb7 30.Nxg8 g4 31.Qf4 c4 32.Nf6 Qc5+ 33.Kg2 Nf3 34.Qxg4 Nd2 35.Qxe6 Nxf1
36.Qe4+ Kc7 37.Kxf1 Qd6 38.Ne8+ {#r} 1-0

[Event "Portugal Open Rapid 2017"]
[Site "masterchessopen.com Lisbon POR"]
[Date "2017.02.11"]
[Round "6.7"]
[White "Alvarez Marquez,J"]
[Black "Stahl,C"]
[Result "1-0"]
[WhiteElo "2398"]
[BlackElo "2167"]

1.d4 d5 2.c4 c6 3.Nf3 Nf6 4.Nc3 e6 5.Bg5 dxc4 6.e4 b5 7.e5 h6 8.Bh4 g5 9.Nxg5
hxg5 10.Bxg5 Nbd7 11.exf6 Bb7 12.g3 Bh6 13.Bxh6 Rxh6 14.Bg2 Qb6 15.Ne4 Nxf6
16.Nd6+ Ke7 17.Qd2 Kxd6 18.Qxh6 Ke7 19.O-O Qxd4 20.Rad1 Qxb2 21.Qf4 Nd5
22.Bxd5 {#r} 1-0

[Event "Portugal Open Rapid 2017"]
[Site "masterchessopen.com Lisbon POR"]
[Date "2017.02.11"]
[Round "6.9"]
[White "Strugnell,C"]
[Black "Costa,Pa"]
[Result "1-0"]
[WhiteElo "2255"]
[BlackElo "2114"]

1.e4 c5 2.Nf3 e6 3.Nc3 a6 4.d4 cxd4 5.Nxd4 Qc7 6.Bd3 Nf6 7.f4 d6 8.Qf3 Be7
9.Be3 Nbd7 10.g4 h6 11.O-O-O b5 12.Kb1 Bb7 13.a3 g5 14.fxg5 Ne5 15.Qh3 Nfxg4
16.gxh6 Nxe3 17.Qxe3 Rc8 18.Rhg1 Qc5 19.Be2 b4 20.axb4 Qxb4 21.Na2 Qc5 22.Qb3
Rc7 23.Rg3 Qa5 24.Bh5 Bxe4 25.Qb8+ Kd7 26.Qxh8 Nc4 27.Bxf7 Bd5 28.Qe8# 1-0

[Event "Portugal Open Rapid 2017"]
[Site "masterchessopen.com Lisbon POR"]
[Date "2017.02.11"]
[Round "6.10"]
[White "Leao,Tiago Miguel Da Silva"]
[Black "Rego,P"]
[Result "0-1"]
[WhiteElo "2044"]
[BlackElo "2232"]

1.e4 e5 2.Nf3 Nc6 3.Bb5 a6 4.Ba4 Nf6 5.O-O Be7 6.c3 b5 7.Bc2 O-O 8.d4 d6 9.h3
Re8 10.Re1 Bf8 11.Nbd2 g6 12.Nf1 Bg7 13.a4 Bd7 14.a5 Nh5 15.Bg5 Bf6 16.Be3 Nf4
17.Bxf4 exf4 18.Qd2 Bg5 19.N1h2 Bh6 20.b4 Re7 21.Rad1 Qf8 22.Bb3 Rae8 23.Qd3
Kh8 24.d5 Ne5 25.Nxe5 Rxe5 26.Nf3 R5e7 27.Nd4 Bg7 28.c4 Bxd4 29.Qxd4+ Qg7
30.c5 f5 31.f3 fxe4 32.fxe4 g5 33.Bc2 g4 34.h4 Re5 35.Rf1 Qh6 36.Qf2 Rf8 37.g3
f3 38.Qd2 Qf6 39.Kf2 Rfe8 40.Qd4 Kg8 41.Rd2 Qh6 42.c6 Bf5 43.exf5 Re2+ 44.Rxe2
Rxe2+ 45.Kg1 Rg2+ 46.Kh1 Rxg3 47.Rf2 Qxh4+ 48.Rh2 Rh3 49.Qf4 Qe1# 0-1

[Event "Portugal Open Rapid 2017"]
[Site "masterchessopen.com Lisbon POR"]
[Date "2017.02.11"]
[Round "6.11"]
[White "Gavrish,L"]
[Black "Rodriguez,Juan Talavera"]
[Result "1-0"]
[WhiteElo "2212"]
[BlackElo "2007"]

1.d4 Nf6 2.c4 e6 3.Nc3 Bb4 4.e3 O-O 5.Bd3 d5 6.cxd5 exd5 7.Ne2 Re8 8.O-O b6
9.f3 c5 10.a3 Bxc3 11.bxc3 cxd4 12.cxd4 Ba6 13.Ng3 Bxd3 14.Qxd3 Qd7 15.Bb2 Nc6
16.Rad1 Na5 17.e4 Nc4 18.Bc1 Qa4 19.e5 Nd7 20.f4 Rad8 21.f5 Qc6 22.Nh5 Rf8
23.Qg3 g6 24.e6 fxe6 25.fxg6 h6 26.Bxh6 Qd6 27.Bxf8 Qxg3 28.Nxg3 Ne3 29.Bh6
Nxd1 30.Rxd1 Nf8 31.Bxf8 Kxf8 32.h4 Kg7 33.h5 Rc8 34.Rf1 Rc3 35.Rf7+ Kg8 36.h6
Rc8 37.Nh5 {#r} 1-0

[Event "Portugal Open Rapid 2017"]
[Site "masterchessopen.com Lisbon POR"]
[Date "2017.02.11"]
[Round "6.17"]
[White "Indjic,A"]
[Black "Veiga,Jose Francisco R P Neves"]
[Result "1-0"]
[WhiteElo "2560"]
[BlackElo "2069"]

1.d4 Nf6 2.c4 c5 3.d5 e6 4.Nc3 exd5 5.cxd5 d6 6.Nf3 g6 7.Bg5 Bg7 8.e4 O-O
9.Nd2 a6 10.a4 Nbd7 11.Be2 Re8 12.O-O Qc7 13.Bf4 Ne5 14.a5 Bd7 15.h3 Rab8
16.Qc2 h6 17.Rfe1 g5 18.Bxe5 Rxe5 19.Nc4 Ree8 20.e5 dxe5 21.d6 Qd8 22.Rad1 Bc6
23.Bd3 Nd7 24.Bh7+ Kh8 25.Be4 Bb5 26.Bd5 Bxc4 27.Bxc4 b5 28.axb6 Rxb6 29.Qf5
Nf6 30.Bxf7 Rf8 31.Qe6 Qd7 32.Qxd7 Nxd7 33.Be6 Nb8 34.Ne4 Nc6 35.Nxc5 Rxb2
36.Rb1 Rfxf2 37.Rxb2 Rxb2 38.Bd5 Rb5 39.Bxc6 Rxc5 40.d7 Bf6 41.Rf1 Be7 42.Rf7
{#r} 1-0

[Event "Portugal Open Rapid 2017"]
[Site "masterchessopen.com Lisbon POR"]
[Date "2017.02.11"]
[Round "7.1"]
[White "Perunovic,Mil"]
[Black "Ozer,Omer Faruk"]
[Result "1-0"]
[WhiteElo "2604"]
[BlackElo "2344"]

1.e4 c5 2.Nf3 e6 3.d4 cxd4 4.Nxd4 Nc6 5.Nc3 Qc7 6.Be3 a6 7.Qf3 d6 8.Nxc6 Qxc6
9.O-O-O Nf6 10.Bd3 b5 11.a3 Bb7 12.Rhe1 Be7 13.Qg3 O-O 14.f4 g6 15.f5 Nh5
16.Qh3 Bf6 17.Bd2 exf5 18.Nd5 Bd8 19.Bh6 Re8 20.exf5 Nf6 21.fxg6 hxg6 22.Nf4
Bb6 23.Bg5 Ne4 24.Bxe4 Rxe4 25.Bf6 {#r} 1-0

[Event "Portugal Open Rapid 2017"]
[Site "masterchessopen.com Lisbon POR"]
[Date "2017.02.11"]
[Round "7.2"]
[White "Kovalev,Vl"]
[Black "Campora,D"]
[Result "1-0"]
[WhiteElo "2598"]
[BlackElo "2450"]

1.d4 Nf6 2.Bf4 d5 3.e3 e6 4.Nf3 Bd6 5.Bg3 Ne4 6.Bxd6 cxd6 7.Nbd2 O-O 8.Bd3 f5
9.c4 Nxd2 10.Qxd2 dxc4 11.Bxc4 Qe7 12.O-O Nd7 13.Rac1 Nf6 14.Bb3 Rb8 15.Qb4
Re8 16.Rc2 b6 17.Rfc1 a5 18.Qe1 Bd7 19.a3 Rec8 20.Qe2 Qd8 21.Nd2 a4 22.Ba2
Rxc2 23.Rxc2 Rc8 24.Qd1 d5 25.Nf3 Rxc2 26.Qxc2 Qc8 27.Qxc8+ Bxc8 28.Kf1 Kf8
29.Ke1 Ke7 30.Ne5 Bd7 31.f3 Be8 32.Kd2 g5 33.Bb1 h5 34.Kc3 h4 35.Kb4 Nh5
36.Bc2 f4 37.exf4 Nxf4 38.Bxa4 {#r} 1-0

[Event "Portugal Open Rapid 2017"]
[Site "masterchessopen.com Lisbon POR"]
[Date "2017.02.11"]
[Round "7.3"]
[White "Rego,P"]
[Black "Iturrizaga,E"]
[Result "0-1"]
[WhiteElo "2232"]
[BlackElo "2652"]

1.Nf3 c5 2.c4 b6 3.g3 Bb7 4.Bg2 g6 5.O-O Bg7 6.Nc3 Nf6 7.Re1 O-O 8.e4 Nc6 9.d4
cxd4 10.Nxd4 Nxd4 11.Qxd4 Nxe4 12.Qe3 Nd6 13.Bxb7 Nxb7 14.Qxe7 Qxe7 15.Rxe7
Bxc3 16.bxc3 Rfe8 17.Rxe8+ Rxe8 18.Be3 d6 19.Rd1 f5 20.a4 Kf7 21.a5 Nxa5
22.Rxd6 Nxc4 23.Rd7+ Re7 24.Rd8 Nxe3 25.fxe3 Rxe3 26.Rh8 Kg7 27.Rc8 Re7 28.c4
Kf6 29.c5 bxc5 30.Rxc5 Ke6 31.Kf2 Kd6 32.Rc8 Rc7 33.Ra8 Kc6 34.Ke3 Kb6 35.Kd4
Kb7 36.Re8 a5 37.h4 a4 38.h5 gxh5 39.Re5 Kb6 40.Rxf5 a3 41.Rxh5 a2 42.Rh1 Ra7
43.Ra1 h5 44.Ke5 Kc5 45.Kf5 Kd4 46.Kg5 Ra5+ 47.Kh4 Kc3 48.Rf1 a1=Q 49.Rxa1
Rxa1 50.Kxh5 Kd4 51.Kg5 Ke5 {#R} 0-1

[Event "Portugal Open Rapid 2017"]
[Site "masterchessopen.com Lisbon POR"]
[Date "2017.02.11"]
[Round "7.4"]
[White "Palac,M"]
[Black "Alvarez Marquez,J"]
[Result "1-0"]
[WhiteElo "2600"]
[BlackElo "2398"]

1.e4 c5 2.Nf3 d6 3.d4 cxd4 4.Nxd4 Nf6 5.Nc3 a6 6.h3 e5 7.Nde2 h5 8.g3 Be7
9.Bg2 Be6 10.O-O Nbd7 11.a4 Rc8 12.b3 h4 13.f4 Qb6+ 14.Kh1 hxg3 15.f5 Ng4
16.fxe6 fxe6 17.Nxg3 Nf2+ 18.Rxf2 Qxf2 19.Nge2 g5 20.Qg1 Qh4 21.Bd2 g4 22.Rf1
Nf6 23.Qb6 gxh3 24.Bf3 h2 25.Qxb7 Kf7 26.Be1 Qg5 27.Qxa6 Rcg8 28.Ng3 Rh3
29.Nce2 Kg6 30.Qd3 Kh7 31.a5 Kh8 32.a6 d5 33.exd5 e4 34.Bxe4 exd5 35.Bf5 Bc5
36.Bxh3 {#r} 1-0

[Event "Portugal Open Rapid 2017"]
[Site "masterchessopen.com Lisbon POR"]
[Date "2017.02.11"]
[Round "7.5"]
[White "Gharamian,T"]
[Black "Strugnell,C"]
[Result "1-0"]
[WhiteElo "2624"]
[BlackElo "2255"]

1.e4 e5 2.Nf3 Nc6 3.Bb5 a6 4.Ba4 Nf6 5.O-O Nxe4 6.d4 b5 7.Bb3 d5 8.dxe5 Be6
9.Qe2 Be7 10.Rd1 Nc5 11.Nc3 Nxb3 12.cxb3 Nb8 13.Be3 O-O 14.Rac1 c5 15.Ne4 c4
16.Ng3 Qa5 17.Nd4 g6 18.Nxe6 fxe6 19.Qg4 Kf7 20.Rd4 Nd7 21.Rf4+ Ke8 22.Qxe6
Rd8 23.Qxd5 Rxf4 24.Bxf4 Qxa2 25.bxc4 Qxb2 26.Qc6 Kf8 27.Bh6+ {#r} 1-0

[Event "Portugal Open Rapid 2017"]
[Site "masterchessopen.com Lisbon POR"]
[Date "2017.02.11"]
[Round "7.6"]
[White "Guimaraes,R"]
[Black "Kovalenko,I"]
[Result "0-1"]
[WhiteElo "2126"]
[BlackElo "2684"]

1.f4 d5 2.Nf3 g6 3.c4 c6 4.Nc3 Bg7 5.g3 Nf6 6.Bg2 O-O 7.d4 dxc4 8.e4 b5 9.e5
Nd5 10.O-O Bf5 11.Ne1 Qd7 12.a4 b4 13.Ne4 Bxe4 14.Bxe4 f5 15.Bg2 Qb7 16.Qc2
Qa6 17.Bd2 Nd7 18.Bxd5+ cxd5 19.Bxb4 Rfe8 20.Nf3 Rab8 21.Ba3 e6 22.h3 Rb3
23.g4 Bh6 24.Qd2 Nb8 25.Kh2 Nc6 26.gxf5 exf5 27.h4 Qa5 28.Qxa5 Bxf4+ 29.Kh1
Nxa5 30.h5 Nc6 31.Nh4 Rh3+ {#R} 0-1

[Event "Portugal Open Rapid 2017"]
[Site "masterchessopen.com Lisbon POR"]
[Date "2017.02.11"]
[Round "7.9"]
[White "Guerreiro,N"]
[Black "Gavrish,L"]
[Result "1-0"]
[WhiteElo "2157"]
[BlackElo "2212"]

1.e4 d6 2.d4 Nf6 3.Nc3 g6 4.Bg5 h6 5.Bf4 Bg7 6.Qd2 g5 7.Bg3 Nh5 8.Nf3 Nc6
9.Bb5 Nxg3 10.hxg3 Bd7 11.O-O-O e6 12.Rh5 Qe7 13.Qe3 a6 14.Bxc6 Bxc6 15.e5
Bxf3 16.gxf3 d5 17.f4 O-O-O 18.Rdh1 gxf4 19.Qxf4 f6 20.Qh4 Rhe8 21.f4 f5
22.Qxe7 Rxe7 23.Ne2 b6 24.c3 c5 25.Kd2 Rc7 26.Rg1 Bf8 27.g4 fxg4 28.Rxg4 Rf7
29.Rg6 Kd7 30.f5 Rxf5 31.Rxf5 exf5 32.Rxb6 h5 33.Rb7+ Kc6 34.Rh7 Rb8 35.Kc2 f4
36.Nxf4 cxd4 37.cxd4 Rb4 38.Ne2 Rc4+ 39.Kd3 Rb4 40.b3 a5 41.Nc3 Rb8 42.Rxh5
Re8 43.Rh8 Rd8 44.Ne2 Be7 45.Rxd8 Bxd8 46.Nc3 Be7 47.a4 Bb4 48.Ne2 Be7 49.Ke3
Ba3 50.Kf4 Be7 51.Kf5 Ba3 52.Ke6 Bb2 53.Kf7 Ba3 54.e6 Bd6 55.e7 Bxe7 56.Kxe7
Kc7 57.Ke6 Kc6 58.Nc3 {#r} 1-0

[Event "Portugal Open Rapid 2017"]
[Site "masterchessopen.com Lisbon POR"]
[Date "2017.02.11"]
[Round "7.10"]
[White "Fernandes,Ant"]
[Black "Guerreiro,Raul Jose Lopes"]
[Result "0-1"]
[WhiteElo "2463"]
[BlackElo "2048"]

1.d4 c5 2.d5 e6 3.Nc3 d6 4.e4 exd5 5.Nxd5 Be6 6.Ne2 Bxd5 7.Qxd5 Nc6 8.Nf4 Nf6
9.Qd3 Be7 10.c3 O-O 11.Be2 Re8 12.f3 Ne5 13.Qd1 c4 14.Be3 b5 15.O-O Qc7 16.Nd5
Nxd5 17.Qxd5 a6 18.Rfd1 Rad8 19.a4 Rb8 20.f4 Nd7 21.axb5 axb5 22.Ra7 Qc8
23.Bg4 Nf6 24.Bxc8 Nxd5 25.Rxd5 Rbxc8 26.Kf2 Bf8 27.Kf3 Rb8 28.Bd4 b4 29.Rc7
bxc3 30.Bxc3 Rec8 31.Rxc8 Rxc8 32.g4 f6 33.Rb5 Rc7 34.h4 Kf7 35.Ke3 Ra7 36.Ra5
Rc7 37.Kd4 d5 38.Rxd5 Rc6 39.Ra5 Bd6 40.Ra7+ {#R} 0-1

[Event "Portugal Open Rapid 2017"]
[Site "masterchessopen.com Lisbon POR"]
[Date "2017.02.11"]
[Round "7.11"]
[White "Neto,H"]
[Black "Indjic,A"]
[Result "0-1"]
[WhiteElo "2162"]
[BlackElo "2560"]

1.d4 g6 2.c4 Bg7 3.Nc3 d6 4.e4 Nf6 5.f3 c5 6.d5 O-O 7.Nge2 e6 8.Ng3 exd5
9.cxd5 a6 10.a4 Nbd7 11.Be2 Rb8 12.O-O Ne8 13.Be3 Nc7 14.Qd2 b5 15.axb5 axb5
16.f4 b4 17.Nd1 Nb5 18.e5 dxe5 19.f5 Nd4 20.Bc4 Nb6 21.Qd3 e4 22.Nxe4 Bxf5
23.Rxf5 Nxf5 24.Bxc5 Nxc4 25.Qxc4 Re8 26.Ra7 Ra8 27.Rxa8 Qxa8 {#R} 0-1

[Event "Portugal Open Rapid 2017"]
[Site "masterchessopen.com Lisbon POR"]
[Date "2017.02.11"]
[Round "7.13"]
[White "Rodriguez,Juan Talavera"]
[Black "Pires,E"]
[Result "0-1"]
[WhiteElo "2007"]
[BlackElo "2128"]

1.e4 d6 2.d4 Nf6 3.Nc3 g6 4.Be3 c6 5.Qd2 b5 6.f3 b4 7.Na4 a5 8.b3 Bg7 9.Rc1
O-O 10.Bd3 Nbd7 11.Ne2 Nb6 12.Nxb6 Qxb6 13.c4 bxc3 14.Nxc3 Nd7 15.d5 c5 16.f4
Nf6 17.h3 e6 18.O-O exd5 19.Nxd5 Nxd5 20.exd5 Re8 21.Rce1 a4 22.Kh1 axb3
23.axb3 Qxb3 24.Bc2 Qc3 25.Qf2 Ra2 26.Bd2 Rxe1 27.Rxe1 Qxc2 28.Re8+ Bf8
29.Rxc8 Qxd2 30.Qg3 Qxd5 31.Kh2 Qe6 32.Rb8 c4 33.Qg5 Qe4 34.h4 Kg7 35.Qg3 Be7
36.h5 h6 37.Re8 d5 38.hxg6 fxg6 39.Qc3+ Kf7 40.Rb8 Qxg2# 0-1